UK Parkrun Events - Statistics

General Stats
  • This quiz has been taken 18 times
  • The average score is 60 of 829
Answer Stats
Event % Correct
Bushy Park
64%
Brighton & Hove
57%
Central, Plymouth
57%
Victoria
57%
Battersea
50%
Queen’s, Glasgow
50%
Southampton
50%
Aberdeen
43%
Bournemouth
43%
Cardiff
43%
Oxford
43%
Preston
43%
York
43%
Colchester Castle
36%
Crewe
36%
Durham
36%
Edinburgh
36%
Great Yarmouth North Beach
36%
Hull
36%
Mile End
36%
Norwich
36%
Queen’s, Belfast
36%
Victoria Dock
36%
Blackpool
29%
Burnley
29%
Bury St Edmunds
29%
Carlisle
29%
Chester
29%
Folkestone
29%
Fort William
29%
Gunnersbury
29%
Harrow
29%
Hyde
29%
Keswick
29%
Lincoln
29%
Lister Park, Bradford
29%
Lyme Park
29%
Macclesfield
29%
Oldham
29%
Osterley
29%
Shrewsbury
29%
South Manchester
29%
St Albans
29%
St Helens
29%
Valentines
29%
Warrington
29%
Alexandra
21%
Bedford
21%
Bolton
21%
Boston
21%
Bramhall Park
21%
Burnage
21%
Chadderton Hall
21%
Cheadle Hulme
21%
Clapham Common
21%
Coventry
21%
Crystal Palace
21%
Ferry Meadows
21%
Finsbury Park
21%
Fletcher Moss
21%
Glossop
21%
Hampstead Heath
21%
Heaton Park
21%
Hereford
21%
Isabel Trail
21%
Jersey
21%
Jubilee
21%
Kingston
21%
Milton Keynes
21%
Northampton
21%
Pennington Flash
21%
Penrith
21%
Poole
21%
Portobello
21%
Preston Park
21%
Queen Elizabeth
21%
Sale Water
21%
Scunthorpe
21%
Southend
21%
Southwark
21%
Stamford Park
21%
Stevenage
21%
Stretford
21%
Telford
21%
Wilmslow
21%
Wimpole Estate
21%
Winchester
21%
Worcester
21%
Worsley Woods
21%
Wythenshawe
21%
Armagh
14%
Avery Hill
14%
Ayr
14%
Barking
14%
Barnsley
14%
Barrow
14%
Basildon
14%
Ben’s Yard
14%
Brentwood
14%
Bromley
14%
Buckingham
14%
Burgess
14%
Canterbury
14%
Cassiobury
14%
Centre Vale
14%
Chelmsford Central
14%
Cheltenham
14%
Chichester
14%
Clitheroe Castle
14%
Colby
14%
Conkers
14%
Corby
14%
Dartford
14%
Dunfermline
14%
Eden Project
14%
Falkirk
14%
Fleetwood Promenade
14%
Fountains Abbey
14%
Gateshead
14%
Gorleston Cliffs
14%
Guernsey
14%
Hackney Marshes
14%
Harrow Lodge
14%
Hartlepool
14%
Hastings
14%
Haverhill
14%
Heslington
14%
Highbury Fields
14%
Holyrood
14%
Huddersfield
14%
Humber Bridge
14%
Huntingdon
14%
Hyndburn
14%
Ingrebourne Hill
14%
Jesmond Dene
14%
Kesgrave
14%
Kettering
14%
King’s Lynn
14%
Land’s End
14%
Leamington
14%
Livingston
14%
Lowestoft
14%
Lytham Hall
14%
Maldon Prom
14%
Manor Field, Whittlesey
14%
Mansfield
14%
March
14%
Markeaton
14%
Marple
14%
Meadowmill
14%
Melton Mowbray
14%
Milton Country
14%
Monsal Trail
14%
Newbiggin-by-the-Sea
14%
Newport
14%
Oriam
14%
Pavilion Gardens
14%
Peel
14%
Penrhyn
14%
Philips Park
14%
Pocket
14%
Raphael
14%
Reading
14%
Redcar
14%
Richmond Park
14%
Rising Sun
14%
Roding Valley
14%
Rugby
14%
Rutland Water
14%
Sandringham
14%
Sedgefield
14%
Selby
14%
Skipton
14%
Southall
14%
Southport
14%
St Andrews
14%
Strathclyde
14%
Thurrock
14%
Town Moor
14%
University of Northampton
14%
Walthamstow
14%
Wanstead Flats
14%
Weymouth
14%
Whinlatter Forest
14%
Wimbledon Common
14%
Witton
14%
Woking
14%
Woodbank
14%
Woodhouse Moor
14%
Woolacombe Dunes
14%
Wormwood Scrubs
14%
Worthing
14%
Y Promenâd
14%
Y Promenâd, Abermaw
14%
Abbey Park
7%
Aberdare
7%
Aberystwyth
7%
Albert Park
7%
Alderford Lake
7%
Alderley Park
7%
Ally Pally
7%
Alton Water
7%
Alvaston
7%
Andover
7%
Antrim
7%
Armley
7%
Ashbourne Recreation Ground
7%
Ashington Community Woodland
7%
Ashton Court
7%
Auldcathie District
7%
Aviemore
7%
Aylesbury
7%
Banbury
7%
Bangor
7%
Basingstoke
7%
Bath Skyline
7%
Beacon
7%
Beckton
7%
Bedfont Lakes
7%
Belton House
7%
Belvoir Castle
7%
Bexley
7%
Bicester
7%
Bideford
7%
Billericay
7%
Birkenhead
7%
Blackhill
7%
Black Park
7%
Black Rocks
7%
Blyth Links
7%
Bramley
7%
Bramshall Road
7%
Brandon Country Park
7%
Brockwell
7%
Brueton
7%
Brundall
7%
Bug Hunter Waters
7%
Burnham-on-Crouch
7%
Bury Field
7%
Cannock Chase
7%
Cannon Hill
7%
Carlisle Park
7%
Castle Park
7%
Castle Woods
7%
Chalkwell Beach
7%
Charlton
7%
Chevin Forest
7%
Chilton Fields
7%
Chopwell Wood
7%
Christchurch Park
7%
Clacton Seafront
7%
Clare Castle
7%
Clarence
7%
Clumber Park
7%
Coldham’s Common
7%
Congleton
7%
Conwy
7%
Conyngham Hall
7%
Coronation Park
7%
Crathes Castle
7%
Crosby
7%
Cross Flatts
7%
Croxteth Hall
7%
Cusworth Hall
7%
Cyclopark
7%
Dalby Forest
7%
Dartford Heath
7%
Daventry
7%
Delamere
7%
Denton Dene
7%
Dewsbury
7%
Didcot
7%
Doddington Hall
7%
Dover Waterfront
7%
Drumchapel
7%
Druridge Bay
7%
Dudley
7%
Eastbourne
7%
East Park
7%
Elder Park
7%
Elgin
7%
Ellesmere Port
7%
Ellon
7%
Endcliffe
7%
Erddig
7%
Erskine Waterfront
7%
Evesham
7%
Exeter Riverside
7%
Exmouth
7%
Felixstowe
7%
Fell Foot
7%
Flatts Lane
7%
Forest of Dean
7%
Forest Rec
7%
Frimley Lodge
7%
Fulbourn Hospital
7%
Fulham Palace
7%
Fulwell Quarry
7%
Gladstone
7%
Gloucester City
7%
Gloucester North
7%
Goole
7%
Grangemoor
7%
Graves
7%
Great Cornard
7%
Great Denham
7%
Great Dunmow
7%
Great Notley
7%
Greenfield Valley
7%
Greenock
7%
Hackworth
7%
Hadleigh
7%
Hafan Pwllheli
7%
Haigh Woodland
7%
Halifax
7%
Hamsterley Forest
7%
Hanley
7%
Harleston Magpies
7%
Harlow
7%
Harrogate
7%
Harwich
7%
Haverfordwest
7%
Henley Wood, Oswestry
7%
Herrington Country
7%
Highwoods
7%
Hillsborough
7%
Hilly Fields
7%
Hockley Woods
7%
Holkham
7%
Hove Promenade
7%
Ifield Mill Pond
7%
Irchester Country
7%
Itchen Valley Country
7%
Jersey Farm
7%
Kew Woods
7%
King George V Playing Field
7%
Kingsbury Water
7%
Kirkcaldy
7%
Kirkwall
7%
Knowsley
7%
Lancaster
7%
Leazes
7%
Leicester Victoria
7%
Letchworth
7%
Linford Wood
7%
Linwood
7%
Lochend Woods
7%
Long Eaton
7%
Ludlow
7%
Luton Wardown
7%
Market Harborough
7%
Markshall Estate
7%
Marshall Drive
7%
Mersea Island
7%
Merthyr
7%
Middleton Woods
7%
Millennium Country
7%
Millhouses
7%
Minehead
7%
Montrose
7%
Morecambe Prom
7%
Nant y Pandy
7%
Newark
7%
Newborough Forest
7%
Newbury
7%
New Earswick
7%
Newtown
7%
Nonsuch
7%
Northala Fields
7%
North Walsham
7%
Northwich
7%
Nova Prestatyn
7%
Old Deer Park
7%
Old Railway Trail, Llangollen
7%
Ormskirk
7%
Park in the Past
7%
Peckham Rye
7%
Penallta
7%
Pendle
7%
Penistone
7%
Penrose
7%
Perth
7%
Phoenix
7%
Pontefract
7%
Pont y Bala
7%
Pontypool
7%
Pontypridd
7%
Poolsbrook
7%
Portsmouth Lakeside
7%
Potternewton
7%
Princes
7%
Prudhoe Riverside
7%
Pymmes
7%
Rendlesham Forest
7%
Rickmansworth
7%
Roberts Park
7%
Rosliston
7%
Ross-on-Wye
7%
Rothay Park
7%
Rotherham
7%
Roundhay
7%
Rushmoor
7%
Ruthin Memorial Playing Fields
7%
Salisbury
7%
Sandy Water
7%
Severn Bridge
7%
Severn Valley Country
7%
Sewerby
7%
Sheffield Castle
7%
Sheringham
7%
Shorne Woods
7%
Silksworth
7%
Sittingbourne
7%
Sixfields Upton
7%
Sizewell
7%
Snowden Field
7%
Soham Village College
7%
South Shields
7%
South Woodham Ferrers
7%
Storeys Field
7%
Stratford-upon-Avon
7%
Sunny Hill
7%
Sutton Manor
7%
Sutton Park
7%
Talkin Tarn Country Park
7%
Tamworth Castle Grounds
7%
Tawd Valley
7%
Temple Newsam
7%
Tewkesbury
7%
Thames Path, Woolwich
7%
The Leas
7%
The Pastures
7%
Thetford
7%
The Wammy
7%
Thomas Mills
7%
Thornham Walks
7%
Tonbridge
7%
Trentham Gardens
7%
Tyne Green
7%
University of Stirling
7%
University Parks
7%
Vogrie
7%
Warwick Racecourse
7%
Watergrove
7%
Watermead Country Park
7%
Watermeadows
7%
Wepre
7%
Whitekirk Hill
7%
Whitley Bay
7%
Wickford Memorial
7%
Widnes
7%
Windy Nook
7%
Wisbech
7%
Wolverhampton
7%
Worcester Pitchcroft
7%
Worden
7%
Wynyard Woodland
7%
Wyre Forest
7%
Yarborough Leisure Centre
7%
Aberbeeg
0%
Aberfields
0%
Abingdon
0%
Agnew
0%
Aldenham
0%
Alice Holt
0%
Alness
0%
Ancholme Valley Way
0%
Arrow Valley
0%
Ashford
0%
Babbs Mill
0%
Banstead Woods
0%
Barclay
0%
Barnstaple
0%
Barry Island
0%
Bartley Park
0%
Battlestead Croft
0%
Baysgarth Park
0%
Beacon Hill Country Park
0%
Beckenham Place
0%
Bedgebury Pinetum
0%
Bedworth
0%
Beeston
0%
Belfast Victoria
0%
Berkeley Green
0%
Bestwood Village
0%
Bethlem Royal Hospital
0%
Bevendean Down
0%
Beverley Westwood
0%
Birchall Playing Fields
0%
Blaise Castle
0%
Blandford
0%
Blickling
0%
Bognor Regis
0%
Bolberry Down
0%
Bower Park
0%
Bowling Park
0%
Bracknell
0%
Braunstone
0%
Bressay
0%
Brickfields Park
0%
Brierley Forest
0%
Brixworth Country
0%
Broadwater
0%
Brockenhurst
0%
Brooklands
0%
Brunswick Park
0%
Brynaman
0%
Bryn Bach
0%
Burnham and Highbridge
0%
California Country
0%
Camperdown
0%
Canons Park
0%
Cape Pembroke Lighthouse
0%
Carlingwark Loch
0%
Carrickfergus
0%
Castlewellan
0%
Catford
0%
Catton
0%
Chasewater
0%
Chippenham
0%
Chippenham Playing Fields, Monmouth
0%
Chipping Norton School
0%
Chipping Sodbury
0%
Christie
0%
Church Mead
0%
Cirencester
0%
Citypark
0%
Clair
0%
Cleethorpes
0%
Clevedon Salthouse Fields
0%
Cliffe Castle
0%
Clifton
0%
Cockermouth Greenway
0%
Coed Cefn-pwll-du
0%
Colin Glen
0%
Colney Lane
0%
Colwick
0%
Comber
0%
Concord
0%
Cosmeston Lakes
0%
Cotsford Fields
0%
Cranbrook Country Park
0%
Crane Park
0%
Cranleigh
0%
Crawfordsburn Country
0%
Crichton
0%
Crinan Canal
0%
Cuningar Loop
0%
Cwmbran
0%
Cycle Route 43, Ystalyfera
0%
Darlington South Park
0%
Dean Castle Country Park
0%
Dereham
0%
Derry City
0%
Derrynoid Forest
0%
Dinton Pastures
0%
Dishley, Loughborough
0%
Dolgellau
0%
Downham Market Academy
0%
Drumpellier Country
0%
Dulwich
0%
Dungannon Park
0%
Dunleath Playing Fields
0%
Dunstable Downs
0%
Durlston Country Park
0%
East Brighton
0%
East Grinstead
0%
Eastleigh
0%
Eastville
0%
Ecos
0%
Edenbrook Country
0%
Edgbaston Reservoir
0%
Egham Orbit
0%
Eglinton
0%
Enniskillen
0%
Falls
0%
Fareham
0%
Faskally Forest
0%
FeldyRoo Fitness Trail
0%
Fire Service College
0%
Fitzmaurice Park
0%
Five Arches
0%
Flegg High
0%
Foots Cray Meadows
0%
Ford
0%
Forfar Loch
0%
Frickley Country
0%
Frogmary Green Farm
0%
Gadebridge
0%
Ganavan Sands
0%
Ganger Farm
0%
Garvagh Forest
0%
Gedling
0%
Girvan Prom
0%
Gnoll
0%
Great Lines
0%
Great Salterns
0%
Greendale Farm Shop
0%
Groe
0%
Grove Fields
0%
Grovelands
0%
Guildford
0%
Gunpowder
0%
Haldon Forest
0%
Hanworth
0%
Harcourt Hill
0%
Hastings High School
0%
Havant
0%
Hay Lodge
0%
Hazelwood
0%
Hazlehead
0%
Heartlands
0%
Henley-on-Thames
0%
Henlow Bridge Lakes
0%
Higginson, Marlow
0%
Hillsborough Forest
0%
Hoblingwell
0%
Hogmoor Inclosure
0%
Holbrooks
0%
Holy Cross College
0%
Homewood
0%
Horsham
0%
Horspath
0%
Horton Park
0%
Houghton Hall
0%
Hunstanton Promenade
0%
Killerton
0%
Kingdom
0%
Kingsway
0%
Lanark Moor
0%
Lancing Beach Green
0%
Lanhydrock
0%
Largs Prom
0%
Larne
0%
Leavesden Country
0%
Lee-on-the-Solent
0%
Levengrove
0%
Lews Castle
0%
Leybourne Lakes
0%
Limavady
0%
Limepark Playing Fields
0%
Lingwood
0%
Littlehampton Prom
0%
Littleport
0%
Llanerchaeron
0%
Llanishen Park
0%
Lloyd
0%
Llyn Llech Owain
0%
Loch Leven
0%
Loch Neaton
0%
Lochore Meadows
0%
Longrun Meadow
0%
Lordship Recreation Ground
0%
Loughmacrory
0%
Lullingstone
0%
Lurgan Park
0%
Lydiard
0%
Lydney
0%
Lymington Woodside
0%
Maesteg
0%
Maidenhead
0%
Maidstone River Park
0%
Mallards Pike
0%
Malling Rec
0%
Margate
0%
Marine Parade
0%
Market Bosworth Country Park
0%
Market Rasen Racecourse
0%
Marlborough Common
0%
Maryport Prom
0%
Medina I.O.W.
0%
Melksham
0%
Meon Valley Trail, Wickham
0%
Mildenhall Hub
0%
Milford Waterfront
0%
Millfield
0%
Millom
0%
Mole Valley
0%
Montalto Estate
0%
Moors Valley
0%
Morden
0%
Mote Park
0%
Mount Edgcumbe
0%
Mount Stuart
0%
Muncaster Castle
0%
MUSA Cookstown
0%
Myrtle
0%
Nairn Links
0%
Netley Abbey
0%
Newent
0%
Newry Greenway
0%
Nobles
0%
Normanby Hall
0%
Northallerton
0%
North Yorkshire Water Park
0%
Nostell
0%
Oak Hill
0%
Oaklands
0%
Oaklands College
0%
Oakwell Hall
0%
Omagh
0%
Orangefield
0%
Ormeau
0%
Orpington
0%
Paisley Park
0%
Palacerigg Country
0%
Panshanger
0%
Parke
0%
Peacehaven
0%
Pegwell Bay
0%
Penryn Campus
0%
Perry Hall
0%
Peter Pan
0%
Plean
0%
Plymvalley
0%
Polkemmet Country
0%
Pollok
0%
Pomphrey Hill
0%
Porthcawl
0%
Portrush
0%
Prospect
0%
Quakers Walk
0%
Queen Elizabeth’s Grammar School
0%
Reigate Priory
0%
Riddlesdown
0%
Riverfront
0%
Riverside
0%
Riverside Walk
0%
Rogiet
0%
Rostrevor
0%
Rother Valley
0%
Rothwell
0%
Roundshaw Downs
0%
Royal Tunbridge Wells
0%
Ruchill
0%
Rushcliffe
0%
Rushmere
0%
Salcey Forest
0%
Sandall Park
0%
Sandhurst Memorial
0%
Sandwell Valley
0%
Seaford Beach
0%
Seaton
0%
Sence Valley Forest Park
0%
Seven Fields
0%
Sharpham Estate
0%
Sharpham Road Playing Fields
0%
Shepton Mallet
0%
Sherwood Pines
0%
Shipley Country
0%
Silloth Promenade
0%
Simmons Park
0%
Sixmilewater
0%
Skinadin
0%
Sloughbottom
0%
Somerdale Pavilion
0%
South Norwood
0%
South Oxhey
0%
Southsea
0%
Southwick Country Park
0%
Springburn
0%
Squerryes Winery
0%
Stewart
0%
St Mary’s
0%
Stockley Country
0%
Stonehaven
0%
Stonehouse
0%
Stormont
0%
Stratford Park, Stroud
0%
Street
0%
Sutcliffe
0%
Swaffham
0%
Swanley
0%
Swansea Bay
0%
Tamar Lakes
0%
Tamar Trails
0%
Teifi Marshes Nature Reserve
0%
Teignmouth Promenade
0%
Tetbury Goods Shed
0%
The Cinder Track
0%
The Fisherman‘s Walk
0%
The Great Field
0%
The Old Showfield
0%
The Plens
0%
Thonock Lane Farm
0%
Thornbury
0%
Thorp Perrow
0%
Thoulstone
0%
Three Brooks
0%
Thurso
0%
Tidworth
0%
Tilgate
0%
Tollcross
0%
Tooting Common
0%
Torbay Velopark
0%
Torvean
0%
Trelai Park
0%
Trelissick
0%
Tremorfa
0%
Troon
0%
Uckfield
0%
Upton Court
0%
Upton House
0%
Ury Riverside
0%
Valley
0%
Vermuyden Way
0%
Vicar Water Country Park
0%
Wakefield Thornes
0%
Wakehurst
0%
Wallace
0%
Wallaceneuk
0%
Walmer and Deal Seafront
0%
Walsall Arboretum
0%
Waterworks
0%
Wendover Woods
0%
West Links
0%
Westmill
0%
Wetherby
0%
Whitehaven
0%
Whiteley
0%
Whitstable
0%
Withernsea Promenade
0%
Witney
0%
Wollaton Hall
0%
Woodgate Valley Country Park
0%
Woodley
0%
Workington
0%
Wotton
0%
Wycombe Rye
0%
No matching quizzes found
Score Distribution
Percent of People with Each Score
Percentile by Number Answered
Your Score History
You have not taken this quiz